PRACTICAL STANDARD PRESCRIBER (Record no. 216896)
[ view plain ]
| 000 -LEADER | |
|---|---|
| fixed length control field | 00483nam a22001577a 4500 |
| 008 - FIXED-LENGTH DATA ELEMENTS--GENERAL INFORMATION | |
| fixed length control field | 260330b |||||||| |||| 00| 0 eng d |
| 020 ## - INTERNATIONAL STANDARD BOOK NUMBER | |
| International Standard Book Number | 978- 93- 89166-45-5 |
| 100 ## - MAIN ENTRY--PERSONAL NAME | |
| Personal name | ABDULLAH, ABM |
| 245 ## - TITLE STATEMENT | |
| Title | PRACTICAL STANDARD PRESCRIBER |
| 260 ## - PUBLICATION, DISTRIBUTION, ETC. | |
| Place of publication, distribution, etc. | NEW DELHI |
| Name of publisher, distributor, etc. | JAYPEE BROTHERS MEDICAL PUBLISHERS |
| Date of publication, distribution, etc. | 2020 |
| 300 ## - PHYSICAL DESCRIPTION | |
| Extent | X, 456P. |
| 500 ## - GENERAL NOTE | |
| General note | INCLUDES INDEX |
| 650 ## - SUBJECT ADDED ENTRY | |
| Topical term or geographic name entry element | 1. DRUGS - PRESCRIBING -MORAL AND ETHICAL ASPECTS 2. MEDICAL ETHICS |
| 942 ## - ADDED ENTRY ELEMENTS (KOHA) | |
| Source of classification or shelving scheme | Library of Congress Classification |
| Koha item type | Long Loan Book |
| Withdrawn status | Lost status | Source of classification or shelving scheme | Damaged status | Not for loan | Collection | Home library | Current library | Shelving location | Date acquired | Inventory number | Total checkouts | Full call number | Barcode | Date last seen | Copy number | Price effective from | Koha item type |
|---|---|---|---|---|---|---|---|---|---|---|---|---|---|---|---|---|---|
| Library of Congress Classification | Medicine | Kisii University Library | Kisii University Library | On Display | 03/30/2026 | 112643 | RM 138 .A23 2020 | A000006 | 03/30/2026 | 1 | 03/30/2026 | Long Loan Book | |||||
| Library of Congress Classification | Medicine | Kisii University Library | Kisii University Library | On Display | 03/30/2026 | 112644 | RM 138 .A23 2020 | A000005 | 03/30/2026 | 2 | 03/30/2026 | Long Loan Book | |||||
| Library of Congress Classification | Medicine | Kisii University Library | Kisii University Library | On Display | 03/30/2026 | 112645 | RM 138 .A23 2020 | A000004 | 03/30/2026 | 3 | 03/30/2026 | Long Loan Book | |||||
| Library of Congress Classification | Medicine | Kisii University Library | Kisii University Library | On Display | 03/30/2026 | 112646 | RM 138 .A23 2020 | A000003 | 03/30/2026 | 4 | 03/30/2026 | Long Loan Book |